Caricamento...

MBA

Dettagli Bibliografici
Natura: Printed Book
Pubblicazione: New Delhi: Vikas Publishig, 2007.
Soggetti:
MBA
LEADER 00409nam a22001337a 4500
020 |a 9788125921820 
082 |a 658.0076  |b MBA 
245 |a MBA 
260 |a New Delhi:  |b Vikas Publishig,  |c 2007. 
300 |a xii,40xat 
650 |a MBA 
942 |c BK 
999 |c 42354  |d 42354 
952 |0 0  |1 0  |4 0  |6 658_007600000000000_MBA  |7 0  |8 Stack  |9 46082  |a KUCL  |b KUCL  |c Stack  |d 2016-10-27  |g 475.00  |l 0  |o 658.0076 MBA  |p 43753  |r 2016-10-27  |w 2016-10-27  |y BK